U.S. President Unscramble - Statistics

General Stats
  • This quiz has been taken 420 times
    386 since last reset
  • The average score is 14 of 20
Answer Stats
Hint Answer % Correct
oegrge asnhwgonti George Washington
93%
mmijy rtecar Jimmy Carter
91%
honj dynneke John Kennedy
91%
tosahm efrejsnof Thomas Jefferson
91%
asmej mdosian James Madison
87%
njoh maads John Adams
83%
farlinkn ircpee Franklin Pierce
81%
hrbamaa conilln Abraham Lincoln
80%
hbrrtee vooher Herbert Hoover
79%
dacirhr oxnni Richard Nixon
77%
wghtid eeroisnewh Dwight Eisenhower
75%
knnfaril osorvtlee Franklin Roosevelt
68%
sslyesu nargt Ulysses Grant
68%
ivlacn oldecoig Calvin Coolidge
63%
dwrnea asknojc Andrew Jackson
61%
yzhaacr lytrao Zachary Taylor
59%
gverro veeldnacl Grover Cleveland
57%
dilalmr omlfiler Millard Fillmore
56%
enrawr dgahirn Warren Harding
52%
mijebnna rnsiahor Benjamin Harrison
37%
No matching quizzes found
Score Distribution
Percent of People with Each Score
Percentile by Number Answered
Your Score History
You have not taken this quiz since the last reset